00351nam a2200133Ia 4500008004100000041000800041082001500049100001700064245004500081250001400126260003200140300003200172365001300204240624s9999 xx 000 0 und d aeng a658.15 BAR aBARROW COLIN aPRACTICAL FINANCIAL MANAGEMENT A GUIDE T a(7th ed.) c2010aNew DelhibKogan Page axiii, : 196 : p. : cm. ; 23 cRSb33.5